000 01018cam a2200253 4500
001 X113044
008 000000n2001 000 0 eng u
035 _a(Sirsi) u113044
100 _aWiseman, A.
245 _aContaminated land - the new regime and waste management
260 _c2001
490 _aWastes Management
_v May 2001, 27(1)
520 _aExplains the new contaminated land legislation covering the 'suitable for use' principle and the 'polluter pays' principle. Also discusses enforcement by local authorities and the Environment Agency, risk-based assessment of contaminated sites, and the use of best practicable techniques to bring about remediation.
650 _aCONTAMINATED LAND
650 _aENVIRONMENTAL REMEDIATION
650 _aWASTE MANAGEMENT LICENSING
650 _aLOCAL AUTHORITIES
650 _aENFORCEMENT
650 _aLEGISLATION
650 _aBEST PRACTICE
690 _aENVIRONMENTAL AND LAND CONSULTANCY-WASTE MANAGEMENT
700 _aGribble, D.
942 _n0
999 _c67289
_d67289